| 000 | 00332nam a2200121Ia 4500 | ||
|---|---|---|---|
| 008 | 190415s9999 xx 000 0 und d | ||
| 020 | _a9788190665070 | ||
| 082 | _aRR 923.254 SPE- | ||
| 100 | _aMujawar, W.R./s | ||
| 245 | 0 | _aSpeeches and Writings of Gopal Krishna Gokhale | |
| 260 |
_aDelhi _bManglam Publications _c2009 |
||
| 942 | _cBK | ||
| 999 |
_c6504 _d6504 |
||